Central Library OPAC University of Rajshahi

Intermediate economic statistics / (Record no. 42911)

MARC details
000 -LEADER
fixed length control field 00683nam a2200229 a 4500
001 - CONTROL NUMBER
control field 42911
003 - CONTROL NUMBER IDENTIFIER
rucl marc code BD-RjUL
005 - DATE AND TIME OF LATEST TRANSACTION
control field 20211209053621.0
008 - FIXED-LENGTH DATA ELEMENTS--GENERAL INFORMATION
fixed length control field 160618s1968 nyua b 000 0 eng
035 ## - SYSTEM CONTROL NUMBER
System control number (BD-RjUL)43029
040 ## - CATALOGING SOURCE
Original cataloging agency DLC
Transcribing agency DLC
Modifying agency DLC
Language of cataloging eng
041 ## - LANGUAGE CODE
Language code of text/sound track or separate title eng
082 00 - DEWEY DECIMAL CLASSIFICATION NUMBER
Classification number 330.0151
Edition number 23
Author mark and year FOI 1968 [reprint 1972]
100 1# - MAIN ENTRY--PERSONAL NAME
Personal name Fox, Karl A.
9 (RLIN) 131792
245 10 - TITLE STATEMENT
Title Intermediate economic statistics /
Statement of responsibility, etc. by, Karl A. Fox.
260 ## - PUBLICATION, DISTRIBUTION, ETC. (IMPRINT)
Place of publication, distribution, etc. New York :
Name of publisher, distributor, etc. John Wiley & Sons,
Date of publication, distribution, etc. 1968 [reprint 1972]
300 ## - PHYSICAL DESCRIPTION
Pagination x, 568 p. :
Illustrations ill. ;
Size 24 cm.
500 ## - GENERAL NOTE
General note Includes Index
650 #0 - SUBJECT ADDED ENTRY--TOPICAL TERM
Topical term or geographic name as entry element Econometrics.
9 (RLIN) 131793
Topical term or geographic name as entry element Economics
General subdivision Statistical methods.
9 (RLIN) 130736
942 ## - ADDED ENTRY ELEMENTS (KOHA)
Source of classification or shelving scheme Dewey Decimal Classification
Koha item type Books
Holdings
Lost status Source of classification or shelving scheme Damaged status Not for loan Collection code Permanent Location Current Location Shelving location Date acquired Cost, normal purchase price Total Checkouts Full call number Date last seen Copy number Koha item type Source of acquisition
  Dewey Decimal Classification     Non-fiction Central Library, University of Rajshahi Central Library, University of Rajshahi     69.75   330.0151 FOI 1972 18/06/2016 C-2 Books  
  Dewey Decimal Classification     Non-fiction Central Library, University of Rajshahi Central Library, University of Rajshahi   05/07/1976     330.0151 FOI 1972 03/08/2016 C-3 Books USIS
  Dewey Decimal Classification     Non-fiction Central Library, University of Rajshahi Central Library, University of Rajshahi   10/02/1975     330.0151 FOI 1972 05/09/2016 C-4 Books Information Service : U.S.